Intermediate Microeconomics a Modern Approach(Sith Edition) (Record no. 531124)
[ view plain ]
| 000 -LEADER | |
|---|---|
| fixed length control field | 00346nam a2200121Ia 4500 |
| 008 - FIXED-LENGTH DATA ELEMENTS--GENERAL INFORMATION | |
| fixed length control field | 191014s9999 xx 000 0 und d |
| 082 ## - DEWEY DECIMAL CLASSIFICATION NUMBER | |
| Classification number | 338.5 |
| Author Mark | VAR |
| 100 ## - MAIN ENTRY--PERSONAL NAME | |
| Personal name | Hal R. Varian |
| 9 (RLIN) | 23975 |
| 245 #0 - TITLE STATEMENT | |
| Title | Intermediate Microeconomics a Modern Approach(Sith Edition) |
| 260 ## - PUBLICATION, DISTRIBUTION, ETC. | |
| Place of publication, distribution, etc. | Pakistan |
| Name of publisher, distributor, etc. | National Books Fundation |
| 300 ## - PHYSICAL DESCRIPTION | |
| Extent | Xxiv,688 |
| 942 ## - ADDED ENTRY ELEMENTS (KOHA) | |
| Koha item type | Book |
| Withdrawn status | Lost status | Damaged status | Not for loan | Permanent Location | Current Location | Date acquired | Source of acquisition | Cost, normal purchase price | Total Checkouts | Full call number | Barcode | Date last seen | Price effective from | Koha item type |
|---|---|---|---|---|---|---|---|---|---|---|---|---|---|---|
| School of Natural Sciences (SNS) | School of Natural Sciences (SNS) | 10/15/2019 | Donation | 0.00 | 338.5VAR | SNS0002901 | 12/13/2022 | 10/15/2019 | Book |
